面积最大的50个县级行政区 The 50 largest China county-level administrative regions - Statistics

General Stats
  • This quiz has been taken 58 times
  • The average score is 24 of 50
Answer Stats
省内排名 面积/km² 县区 % Correct
新疆1 202298 若羌县
98%
青海1 119174 格尔木市
91%
内蒙古2 80412 阿拉善左旗
83%
内蒙古3 73443 阿拉善右旗
83%
内蒙古1 114606 额济纳旗
78%
甘肃1 66748 肃北蒙古族自治县
78%
青海7 27766 德令哈市
78%
西藏 4 72500 尼玛县
74%
青海3 49860 茫崖市
72%
新疆2 138390 且末县
67%
西藏 2 116637 双湖县
65%
新疆3 81254 伊州区
65%
新疆6 41302 和田县
65%
甘肃3 31200 敦煌市
65%
西藏 3 77120 日土县
57%
甘肃2 32374 阿克塞哈萨克族自治县
54%
内蒙古8 27590 牙克石市
54%
新疆5 56760 民丰县
50%
西藏8 34000 墨脱县
50%
内蒙古7 28958 额尔古纳市
50%
西藏 1 135580 改则县
48%
新疆8 39373 于田县
48%
内蒙古4 59880 鄂伦春自治旗
46%
青海4 46634 曲麻莱县
46%
西藏7 34937 错那市
46%
新疆7 39759 鄯善县
43%
青海2 80648 治多县
41%
内蒙古5 45572 东乌珠穆沁旗
41%
新疆9 38921 皮山县
41%
新疆16 28929 叶城县
41%
新疆4 59251 尉犁县
39%
内蒙古6 34240 苏尼特左旗
39%
新疆15 31592 策勒县
39%
青海8 25613 天峻县
39%
青海5 45265 都兰县
37%
新疆10 37304 巴里坤哈萨克自治县
37%
新疆11 34703 和静县
37%
新疆18 25420 墨玉县
37%
西藏5 55287 革吉县
33%
新疆13 32327 富蕴县
33%
新疆12 32442 福海县
30%
西藏99 31659 察隅县
28%
青海6 35520 杂多县
26%
西藏6 45900 仲巴县
24%
西藏10 29600 班戈县
24%
新疆17 28784 和布克赛尔蒙古自治县
22%
内蒙古9 27476 阿巴嘎旗
22%
西藏12 25650 申扎县
22%
西藏11 27600 昂仁县
13%
新疆14 31887 沙雅县
7%
No matching quizzes found
Score Distribution
Percent of People with Each Score
Percentile by Number Answered
Your Score History
You have not taken this quiz